| 000 | 00765cam a22002291 4500 | ||
|---|---|---|---|
| 001 | 000019847 | ||
| 005 | 20200929170149.0 | ||
| 008 | 770527s1966 ve b 001 0dspa | ||
| 040 |
_aDO-SdBNP _cFMFIU _dDLC _dBNPHU |
||
| 050 | 0 | 0 |
_aPQ8544 _b.P32 |
| 082 |
_axxx _bC257 |
||
| 245 | 1 | 0 |
_aCaracas y la poesÃa / _cLuis Pastori. |
| 260 |
_aCaracas : _bComision Nacional del Cuatricentenario de Caracas, _c1966. |
||
| 300 |
_a244 p. ; _c23 cm. |
||
| 490 | 1 | _aComite de Obras Culturales | |
| 500 | _aEdiciones del cuatricentenario de Caracas | ||
| 651 | 0 |
_aCaracas (Venezuela{Rpara} _xDescription And Travel _vPoetry. _942357 |
|
| 700 | 1 |
_aPastori, Luis, _94507 |
|
| 830 | 0 |
_aComite de Obras Culturales _942358 |
|
| 910 | _aCatalogación derivada / LC | ||
| 049 | _aBNGR | ||
| 999 |
_c19360 _d19360 |
||